[Event "DVM U10 2013"]
[Site "Magdeburg GER"]
[Date "2013.12.28"]
[Round "3"]
[White "Buller, Ian Joshua"]
[Black "Grabbel, Lennart"]
[Result "1/2-1/2"]
[Termination "normal"]
[Board "8.1"]
[WhiteElo "1127"]
[BlackElo "1221"]
[WhiteTeam "SV "Glück auf" Rüdersdorf e.V."]
[BlackTeam "Hamburger SK"]
[WhiteFideId "12990655"]
[BlackFideId "16201620"]
[EventCountry "GER"]
[EventRounds "6"]
[EventType "team-swiss"]
[EventDate "2013.12.27"]

1. e4 e5 2. Nf3 Nc6 3. d4 exd4 4. Nxd4 Bc5 5. Be3 Bb6 6. Nxc6 bxc6 7. Bf4 d6 8.
h3 Nf6 9. Nc3 Be6 10. Qd2 Qe7 11. O-O-O Ba5 12. Qe3 Bb6 13. Qf3 Rb8 14. e5 Bd5
15. Qg3 Nh5 16. Qg4 Nxf4 17. Qxf4 dxe5 18. Nxd5 exf4 19. Nxe7 Kxe7 20. Bc4 Rhe8
1/2-1/2

[Event "DVM U10 2013"]
[Site "Magdeburg GER"]
[Date "2013.12.28"]
[Round "3"]
[White "Müller, Marvin"]
[Black "Kurzweil, Naemi"]
[Result "0-1"]
[Termination "normal"]
[Board "8.2"]
[WhiteElo "871"]
[BlackElo "1025"]
[WhiteTeam "Hamburger SK"]
[BlackTeam "SV "Glück auf" Rüdersdorf e.V."]
[WhiteFideId "16214528"]
[BlackFideId "12985708"]
[EventCountry "GER"]
[EventRounds "6"]
[EventType "team-swiss"]
[EventDate "2013.12.27"]

1. e4 e5 2. Nf3 Nc6 3. Bc4 Bc5 4. c3 f6 5. d4 Bb6 6. Be3 d6 7. h3 a6 8. Nbd2
Nge7 9. O-O Ng6 10. Nb3 Ba7 11. Re1 b5 12. Bd5 Bb7 13. Bxc6+ Bxc6 14. d5 Bd7
15. Bxa7 Rxa7 16. a3 c5 17. dxc6 Bxc6 18. Rc1 Nf4 19. Kh2 Qc8 20. c4 Bd7 21.
cxb5 Rc7 22. g4 h5 23. Rxc7 Qxc7 24. g5 fxg5 25. Nxg5 Qd8 26. h4 Qb6 27. Qc2
axb5 28. Rf1 O-O 29. f3 Qe3 30. a4 Rc8 31. Qd1 bxa4 32. Nc1 Rxc1 33. Qxc1 Qe2+
34. Rf2 Qxf2+ 35. Kh1 Qg2# 0-1

[Event "DVM U10 2013"]
[Site "Magdeburg GER"]
[Date "2013.12.28"]
[Round "3"]
[White "Giss, Alexander"]
[Black "Creß, Bastian"]
[Result "0-1"]
[Termination "normal"]
[Board "9.1"]
[WhiteElo "1008"]
[BlackElo "1302"]
[WhiteTeam "SF Bremer Osten"]
[BlackTeam "SG Blau-Weiß Stadtilm 1"]
[WhiteFideId "16260414"]
[BlackFideId "16208846"]
[EventCountry "GER"]
[EventRounds "6"]
[EventType "team-swiss"]
[EventDate "2013.12.27"]

1. e4 e5 2. Nf3 Nc6 3. Bc4 Bc5 4. c3 Nf6 5. d4 exd4 6. cxd4 Bb4+ 7. Nc3 Nxe4 8.
O-O Bxc3 9. bxc3 d5 10. Re1 O-O 11. Ba3 Re8 12. Bd3 Bf5 13. Bc5 Nxc3 14. Rxe8+
Qxe8 15. Qd2 Bxd3 16. Re1 Ne2+ 17. Kh1 Bc4 18. Qd1 Qe4 19. Nd2 Qd3 20. Nxc4
Qxd1 21. Rxd1 dxc4 22. Re1 Nexd4 23. Rc1 Re8 24. h3 b6 25. Bxd4 Nxd4 26. Rxc4
Ne6 27. Rc1 c5 28. Rb1 Nd4 29. Rc1 Re2 30. Ra1 Rxf2 31. Kg1 Re2 32. Rc1 Rxa2
33. Re1 Re2 34. Ra1 Nc6 35. Kf1 Rd2 36. Re1 Kf8 37. Rb1 Ke7 38. g4 Kd6 39. Ke1
Rh2 40. Rd1+ Nd4 41. Rd3 Kd5 42. Kf1 Ke4 43. Ra3 a5 44. Kg1 Rb2 45. Kf1 c4 46.
g5 Nb3 47. Ra4 b5 48. Rxc4+ bxc4 49. Ke1 Kd3 50. g6 fxg6 51. h4 h5 52. Kf1 Ke3
53. Kg1 Kf3 0-1

[Event "DVM U10 2013"]
[Site "Magdeburg GER"]
[Date "2013.12.28"]
[Round "3"]
[White "Rapp, Lukas"]
[Black "Block, Timo"]
[Result "1-0"]
[Termination "normal"]
[Board "9.2"]
[WhiteElo "1058"]
[BlackElo "930"]
[WhiteTeam "SG Blau-Weiß Stadtilm 1"]
[BlackTeam "SF Bremer Osten"]
[WhiteFideId "12989320"]
[BlackFideId "16201116"]
[EventCountry "GER"]
[EventRounds "6"]
[EventType "team-swiss"]
[EventDate "2013.12.27"]

1. Nf3 d5 2. d3 Nf6 3. Nbd2 Nc6 4. g3 e5 5. e4 d4 6. Bg2 Bg4 7. O-O Be7 8. h3
Bh5 9. a3 O-O 10. Kh2 h6 11. Qe1 Qd7 12. Nc4 Bxf3 13. Bxf3 b5 14. Nd2 b4 15.
Bg2 bxa3 16. bxa3 Rab8 17. Nc4 Nh7 18. Bd2 Qe6 19. Qe2 Bg5 20. f4 exf4 21. Bxf4
Bxf4 22. Rxf4 f5 23. Raf1 Ne7 24. Qf2 fxe4 25. Bxe4 Ng6 26. Bf5 Qc6 27. Bxg6
Qxg6 28. Qxd4 Rfe8 29. Qxa7 Qe6 30. Qf2 Ng5 31. Qg2 Qd7 32. h4 Ne6 33. Rf7 Qd4
34. Qe4 Qxe4 35. dxe4 Nd4 36. c3 Ne2 37. e5 Nxc3 38. Rxc7 Nd5 39. Rd7 Nc3 40.
Rff7 Nb5 41. Rxg7+ Kh8 42. a4 Nc3 43. Nd6 Re6 44. Nf5 Rxe5 45. Rh7+ Kg8 46.
Rdg7+ Kf8 47. Rf7+ Ke8 48. Re7+ 1-0

[Event "DVM U10 2013"]
[Site "Magdeburg GER"]
[Date "2013.12.28"]
[Round "3"]
[White "Pfluger, Jan"]
[Black "Werner, Linus"]
[Result "1-0"]
[Termination "normal"]
[Board "9.3"]
[WhiteElo "905"]
[BlackElo "892"]
[WhiteTeam "SF Bremer Osten"]
[BlackTeam "SG Blau-Weiß Stadtilm 1"]
[WhiteFideId "16218299"]
[EventCountry "GER"]
[EventRounds "6"]
[EventType "team-swiss"]
[EventDate "2013.12.27"]

1. e4 e5 2. Nf3 Nc6 3. Bc4 Bc5 4. c3 Nf6 5. d4 exd4 6. cxd4 Bb4+ 7. Nc3 Nxe4 8.
Qe2 d5 9. Bb3 Ne7 10. O-O Bxc3 11. bxc3 Nxc3 12. Qe3 Ne4 13. Ng5 Bf5 14. f3
Nxg5 15. Qxg5 g6 16. Qf6 Rg8 17. Re1 Be6 18. Ba3 Qd7 19. Re2 c6 20. Rae1 Rc8
21. Bc5 b6 22. Bxe7 Qxe7 23. Rxe6 1-0

[Event "DVM U10 2013"]
[Site "Magdeburg GER"]
[Date "2013.12.28"]
[Round "3"]
[White "Pflugradt, Natalie"]
[Black "Koch, Nico"]
[Result "1-0"]
[Termination "normal"]
[Board "9.4"]
[WhiteElo "878"]
[BlackElo "600"]
[WhiteTeam "SG Blau-Weiß Stadtilm 1"]
[BlackTeam "SF Bremer Osten"]
[WhiteFideId "16212444"]
[EventCountry "GER"]
[EventRounds "6"]
[EventType "team-swiss"]
[EventDate "2013.12.27"]

1. e4 e5 2. Nf3 Nc6 3. Bc4 Nf6 4. Nc3 Bc5 5. d3 d6 6. Be3 Bg4 7. h3 Be6 8. Bb3
O-O 9. O-O Qe7 10. Qd2 h6 11. Rad1 Nd4 12. Bxd4 exd4 13. Nb5 Qd7 14. Nfxd4 a6
15. Nxe6 fxe6 16. Nc3 c6 17. Rfe1 d5 18. e5 d4 19. Ne2 Nd5 20. Ng3 Be7 21. Re4
Qd8 22. Rg4 Bh4 23. Qxh6 Qe7 24. Qxh4 Qf7 25. Nh5 Qf5 26. Rxg7+ Kh8 27. Rg5 Qh7
28. Rg7 Qh6 29. Rxb7 Nf4 30. g4 Nxh5 31. gxh5 Rg8+ 32. Kh2 Qg7 33. Rxg7 Rxg7
34. Bxe6 Re8 35. Qf6 Ree7 36. Qf8+ Kh7 37. Bf5+ Kh6 38. Qf6+ Rg6 39. Qxg6# 1-0

[Event "DVM U10 2013"]
[Site "Magdeburg GER"]
[Date "2013.12.28"]
[Round "3"]
[White "Matthiessen, Linus"]
[Black "Hoffmann, Simon"]
[Result "0-1"]
[Termination "normal"]
[Board "10.1"]
[WhiteElo "1053"]
[BlackElo "1193"]
[WhiteTeam "SK Blauer Springer Paderborn 2"]
[BlackTeam "USC Magdeburg"]
[WhiteFideId "16222555"]
[BlackFideId "12979686"]
[EventCountry "GER"]
[EventRounds "6"]
[EventType "team-swiss"]
[EventDate "2013.12.27"]

1. d4 d5 2. Nf3 Bf5 3. Bf4 g6 4. e3 c6 5. Bd3 Bxd3 6. Qxd3 Nf6 7. Ne5 Nbd7 8.
c3 Nxe5 9. dxe5 Nd7 10. Qd4 Bg7 11. Nd2 O-O 12. Nf3 e6 13. Bg3 c5 14. Qh4 Qxh4
15. Bxh4 Bxe5 16. Nxe5 Nxe5 17. Bf6 Nd7 18. Be7 Rfe8 19. Bd6 Rac8 20. Bf4 c4
21. O-O-O Nc5 22. f3 Rc6 23. Rd2 a5 24. Rhd1 b5 25. Bh6 b4 26. cxb4 axb4 27. e4
Nd3+ 28. Kb1 f5 29. b3 Kf7 30. bxc4 dxc4 31. exf5 exf5 32. g4 Rce6 33. Kc2 Re2
34. gxf5 gxf5 35. h4 Re1 36. Rg2 R8e2+ 37. Rxe2 Rxe2+ 38. Bd2 Nf2 39. Rb1 c3
40. Rc1 cxd2 41. Rf1 d1=Q# 0-1

[Event "DVM U10 2013"]
[Site "Magdeburg GER"]
[Date "2013.12.28"]
[Round "3"]
[White "Schmidt, Friedrich"]
[Black "Schmidtmann, Kimberly"]
[Result "1-0"]
[Termination "normal"]
[Board "10.2"]
[WhiteElo "1073"]
[BlackElo "1310"]
[WhiteTeam "USC Magdeburg"]
[BlackTeam "SK Blauer Springer Paderborn 2"]
[BlackFideId "12967106"]
[EventCountry "GER"]
[EventRounds "6"]
[EventType "team-swiss"]
[EventDate "2013.12.27"]

1. e4 e5 2. Nf3 Nc6 3. Bc4 Bc5 4. c3 Nf6 5. d4 exd4 6. cxd4 Bb4+ 7. Bd2 Nxe4 8.
O-O d5 9. Bb3 Bg4 10. a3 Ba5 11. Bc2 Nxd2 12. Nbxd2 O-O 13. b4 Bb6 14. Nb3 Bxf3
15. Qxf3 Bxd4 16. Qd3 Bxa1 17. Qxh7# 1-0

[Event "DVM U10 2013"]
[Site "Magdeburg GER"]
[Date "2013.12.28"]
[Round "3"]
[White "Janke, Julian"]
[Black "Hoffmann, Siegfried"]
[Result "1-0"]
[Termination "normal"]
[Board "10.3"]
[WhiteElo "894"]
[BlackElo "792"]
[WhiteTeam "SK Blauer Springer Paderborn 2"]
[BlackTeam "USC Magdeburg"]
[WhiteFideId "16229185"]
[BlackFideId "16252268"]
[EventCountry "GER"]
[EventRounds "6"]
[EventType "team-swiss"]
[EventDate "2013.12.27"]

1. e4 e5 2. d4 exd4 3. Qxd4 Nc6 4. Qe3 Nf6 5. h3 d6 6. Bc4 Bd7 7. Ne2 Be7 8.
Qf3 Ne5 9. Qb3 O-O 10. f3 Nxc4 11. Qxc4 Be6 12. Qd3 a6 13. Be3 b5 14. b3 b4 15.
c3 bxc3 16. Nbxc3 Qc8 17. Bc1 Rd8 18. Bb2 d5 19. Nxd5 Bxd5 20. exd5 Rxd5 21.
Qc3 Qd7 22. O-O Qb5 23. Nf4 Bc5+ {Rest nicht nachvollziehbar} 1-0

[Event "DVM U10 2013"]
[Site "Magdeburg GER"]
[Date "2013.12.28"]
[Round "3"]
[White "Khanbekyan, Areg"]
[Black "Bornemann, Malte"]
[Result "1-0"]
[Termination "normal"]
[Board "10.4"]
[WhiteElo "600"]
[BlackElo "600"]
[WhiteTeam "USC Magdeburg"]
[BlackTeam "SK Blauer Springer Paderborn 2"]
[WhiteFideId "12993727"]
[BlackFideId "16284470"]
[EventCountry "GER"]
[EventRounds "6"]
[EventType "team-swiss"]
[EventDate "2013.12.27"]

1. e4 e5 2. Nf3 Nc6 3. Bc4 Nf6 4. Nc3 Bc5 5. d3 Ng4 6. O-O O-O 7. Bg5 Qe8 8.
Nd5 Bd6 9. Bb5 a6 10. Bxc6 bxc6 11. Be7 Bxe7 12. Nxc7 Qd8 13. Nxa8 Bb7 14. Nd2
Nf6 15. Nc4 Qxa8 16. Nxe5 Bc8 17. Re1 d6 18. Nc4 d5 19. exd5 cxd5 20. Rxe7 dxc4
21. dxc4 Qc6 22. Qe2 Bb7 23. f4 Re8 24. Re1 Rd8 25. b4 Bc8 26. c5 Be6 27. c3
Kf8 28. Ra7 Ra8 29. Rxa8+ Qxa8 30. Qd3 Bxa2 31. Qd6+ Kg8 32. c6 Be6 33. c7 h6
34. Rxe6 fxe6 35. Qxe6+ Kh7 36. c8=Q Qxc8 37. Qxc8 Nh5 38. Qxa6 Nxf4 39. b5 Nd5
40. c4 Nc7 41. Qc6 Nxb5 42. cxb5 Kh8 43. b6 Kh7 44. b7 Kh8 45. b8=R+ Kh7 46.
Qc2+ g6 47. Qc7# 1-0

[Event "DVM U10 2013"]
[Site "Magdeburg GER"]
[Date "2013.12.28"]
[Round "3"]
[White "Fromm, Nick"]
[Black "von Schoenebeck, Konstantin"]
[Result "1-0"]
[Termination "normal"]
[Board "11.1"]
[WhiteElo "1287"]
[BlackElo "868"]
[WhiteTeam "SV Caissa Kassel"]
[BlackTeam "Schachpinguine Berlin 2"]
[WhiteFideId "12958026"]
[BlackFideId "12977349"]
[EventCountry "GER"]
[EventRounds "6"]
[EventType "team-swiss"]
[EventDate "2013.12.27"]

1. e4 e5 2. Nf3 Nc6 3. d4 exd4 4. Nxd4 Nf6 5. Nc3 Bb4 6. Bg5 O-O 7. Nxc6 bxc6
8. e5 Re8 9. f4 d6 10. Be2 dxe5 11. Qxd8 Rxd8 12. fxe5 Rd5 13. Bxf6 gxf6 14.
exf6 Bxc3+ 15. bxc3 Rc5 16. c4 Be6 17. O-O Bxc4 18. Bxc4 Rxc4 19. Rf2 Rb8 20.
a3 Rb2 21. Re2 h6 22. Rd1 Rcxc2 23. Rd8+ Kh7 24. Rxc2 Rxc2 25. Rd7 Kg6 26. Rxc7
c5 27. Rxa7 c4 28. a4 c3 29. Rc7 Rc1+ 30. Kf2 c2 31. Ke2 Kxf6 32. Kd2 Ra1 33.
Rc6+ Kg7 34. Rxc2 Rxa4 35. Ke3 Rh4 36. h3 Kg6 37. Kf3 Kg5 38. Rc5+ f5 39. Kg3
h5 40. Rc3 f4+ 41. Kf3 Kf6 42. Rc4 Kf5 43. g3 Rxh3 44. Rxf4+ Kg5 45. Kg2 Rxg3+
46. Kxg3 Kg6 47. Kh4 Kh6 1-0

[Event "DVM U10 2013"]
[Site "Magdeburg GER"]
[Date "2013.12.28"]
[Round "3"]
[White "Simukov, Erik"]
[Black "Indilewitsch, Marie-Claire"]
[Result "0-1"]
[Termination "normal"]
[Board "11.3"]
[WhiteElo "813"]
[BlackElo "931"]
[WhiteTeam "SV Caissa Kassel"]
[BlackTeam "Schachpinguine Berlin 2"]
[WhiteFideId "12995380"]
[EventCountry "GER"]
[EventRounds "6"]
[EventType "team-swiss"]
[EventDate "2013.12.27"]

1. e4 e5 2. Nf3 Nc6 3. Bc4 Nf6 4. d3 Bc5 5. O-O d6 6. h3 h6 7. Nc3 O-O 8. Be3
Bb6 9. Nd5 Bxe3 10. Nxe3 Bd7 11. c3 Na5 12. Bb3 Nxb3 13. Qxb3 Be6 14. Qc2 Qd7
15. Nf5 Bxf5 16. exf5 Qxf5 17. Rac1 Rae8 18. d4 Qxc2 19. Rxc2 e4 20. Nd2 Nd5
21. Rcc1 Re6 22. Rfe1 Rfe8 23. g3 c5 24. c4 Nb4 25. a3 Nd3 26. d5 R6e7 27. Nf3
Nxc1 28. Rxc1 exf3 29. Kf1 Re2 30. b4 b6 31. bxc5 bxc5 32. g4 Rd2 33. Ra1 Ree2
34. Re1 Rxf2+ 35. Kg1 Rg2+ 36. Kh1 Rh2+ 37. Kg1 Rdg2+ 0-1

[Event "DVM U10 2013"]
[Site "Magdeburg GER"]
[Date "2013.12.28"]
[Round "3"]
[White "Kemke, Annabelle"]
[Black "Del Rio, Miguel"]
[Result "1-0"]
[Termination "normal"]
[Board "11.4"]
[WhiteElo "817"]
[BlackElo "885"]
[WhiteTeam "Schachpinguine Berlin 2"]
[BlackTeam "SV Caissa Kassel"]
[WhiteFideId "12991821"]
[EventCountry "GER"]
[EventRounds "6"]
[EventType "team-swiss"]
[EventDate "2013.12.27"]

1. e4 e5 2. Nf3 Nc6 3. Bc4 h6 4. O-O Nf6 5. Nc3 Bb4 6. a3 Ba5 7. b4 Bb6 8. b5
Nd4 9. Nxe5 d6 10. Nxf7 Ke7 11. Nxd8 Kxd8 12. d3 Ba5 13. Nd5 Nxd5 14. Bxd5 Nxb5
15. Bf4 Bc3 16. Rb1 c6 17. Bc4 Nxa3 18. Rb3 Nb5 19. Bxb5 cxb5 20. Rxc3 Ke8 21.
Bxd6 Kf7 22. Rc7+ Kg6 23. Be5 Rf8 24. Rxg7# 1-0

[Event "DVM U10 2013"]
[Site "Magdeburg GER"]
[Date "2013.12.28"]
[Round "3"]
[White "Keil, Emil"]
[Black "Adelmeyer, Matti"]
[Result "0-1"]
[Termination "normal"]
[Board "12.1"]
[WhiteElo "848"]
[BlackElo "1178"]
[WhiteTeam "SV Empor Erfurt 2"]
[BlackTeam "SG Döllnitz"]
[BlackFideId "12962520"]
[EventCountry "GER"]
[EventRounds "6"]
[EventType "team-swiss"]
[EventDate "2013.12.27"]

1. e4 e5 2. Nf3 Nc6 3. Bc4 Bc5 4. Nc3 Nf6 5. d3 O-O 6. Be3 Bb4 7. Bd2 d6 8. a3
Bxc3 9. Bxc3 Re8 10. O-O d5 11. exd5 Nxd5 12. Re1 Nxc3 13. bxc3 Bf5 14. Rb1 Rb8
15. h3 e4 16. Nh2 Qg5 17. Kf1 e3 18. Qe2 Qf4 19. Nf3 Bg6 20. Rb2 Ne5 21. Bd5 c6
22. Be4 Bxe4 23. dxe4 Qxe4 24. Nxe5 Qxe5 25. Rbb1 Qxc3 26. Ra1 Kf8 27. Qd3
Qxd3+ 28. cxd3 exf2 29. Kxf2 Rxe1 30. Rxe1 Rd8 31. Rd1 c5 32. Ke2 b6 33. g4 Ke7
34. Kf3 c4 35. Ke2 cxd3+ 36. Rxd3 Rxd3 37. Kxd3 Kd6 38. Ke3 a5 0-1

[Event "DVM U10 2013"]
[Site "Magdeburg GER"]
[Date "2013.12.28"]
[Round "3"]
[White "Hundrieser, Malte"]
[Black "Greim, Fridolin"]
[Result "1-0"]
[Termination "normal"]
[Board "12.2"]
[WhiteElo "1224"]
[BlackElo "888"]
[WhiteTeam "SG Döllnitz"]
[BlackTeam "SV Empor Erfurt 2"]
[WhiteFideId "12997153"]
[BlackFideId "16212320"]
[EventCountry "GER"]
[EventRounds "6"]
[EventType "team-swiss"]
[EventDate "2013.12.27"]

1. c4 e5 2. Nc3 Nc6 3. g3 Bc5 4. Bg2 d6 5. d3 Nf6 6. Bg5 Be6 7. Nf3 Qe7 8. Ne4
h6 9. Bxf6 gxf6 10. O-O f5 11. Nxc5 dxc5 12. Qb3 O-O-O 13. Nxe5 Nxe5 14. Bxb7+
Kd7 15. Qb5+ c6 16. Qa4 Rb8 17. Qxa7 Kd6 18. Qa3 Qxb7 19. d4 Nd7 20. dxc5+ Nxc5
21. Rfd1+ Bd5 22. cxd5 cxd5 23. Rac1 Rhc8 24. b3 Qb4 25. Qb2 Qe4 26. Qf6+ Qe6
27. Qb2 Qe4 28. Rc2 Na4 29. Qa3+ Nc5 30. Rdc1 Qd4 31. e3 Qb4 32. Qb2 Na4 33.
Qf6+ Kd7 34. Qxf5+ Kd6 35. Rxc8 Rxc8 36. Qxc8 Qb6 37. bxa4 1-0

[Event "DVM U10 2013"]
[Site "Magdeburg GER"]
[Date "2013.12.28"]
[Round "3"]
[White "Meyers, Jakob"]
[Black "Wittig, Marten"]
[Result "1/2-1/2"]
[Termination "normal"]
[Board "12.3"]
[WhiteElo "760"]
[BlackElo "749"]
[WhiteTeam "SV Empor Erfurt 2"]
[BlackTeam "SG Döllnitz"]
[EventCountry "GER"]
[EventRounds "6"]
[EventType "team-swiss"]
[EventDate "2013.12.27"]

1. e4 e5 2. Nf3 Nc6 3. Bc4 Bb4 4. c3 Bc5 5. d4 exd4 6. cxd4 Bb6 7. Bg5 Nf6 8.
e5 h6 9. exf6 hxg5 10. fxg7 Rg8 11. d5 Nb4 12. a3 Na6 13. Qd2 Rxg7 14. Qe2+ Qe7
15. Qxe7+ Kxe7 16. O-O g4 17. Ne5 d6 18. Nd3 Bf5 19. Nc3 Bxd3 20. Bxd3 Nc5 21.
Rae1+ Kd7 22. Bf5+ Kd8 23. Re2 Rg8 24. Rfe1 Ba5 25. Bh7 Rh8 26. b4 Nd3 27. Bxd3
Bb6 28. Bh7 c5 29. b5 Ba5 30. Re3 Kd7 31. Re7+ Kd8 32. R1e3 Bxc3 33. R7e4 Bd4
34. Re1 Kd7 35. Re7+ Kd8 36. R7e4 Bc3 37. R1e2 Bf6 38. Bf5 Kc7 39. Bxg4 Rh4 40.
f3 Bd4+ 41. Kh1 Be5 42. h3 Kb6 43. a4 a6 44. bxa6 Rxa6 45. Kg1 Bd4+ 46. Kf1
Rxa4 47. Ke1 Ra1+ 48. Kd2 Ra2+ 49. Kd3 Ra3+ 50. Kd2 1/2-1/2

[Event "DVM U10 2013"]
[Site "Magdeburg GER"]
[Date "2013.12.28"]
[Round "3"]
[White "Meurer, Calvin"]
[Black "Reuter, Elisa"]
[Result "1/2-1/2"]
[Termination "normal"]
[Board "12.4"]
[WhiteElo "783"]
[BlackElo "833"]
[WhiteTeam "SG Döllnitz"]
[BlackTeam "SV Empor Erfurt 2"]
[BlackFideId "12995444"]
[EventCountry "GER"]
[EventRounds "6"]
[EventType "team-swiss"]
[EventDate "2013.12.27"]

1. e4 e5 2. Nf3 Nc6 3. Bc4 Bc5 4. O-O Nf6 5. Nc3 O-O 6. Nd5 Nxd5 7. Bxd5 d6 8.
d3 Bg4 9. Be3 Bxe3 10. fxe3 Qd7 11. Qe2 Rab8 12. Rf2 Ne7 13. Raf1 a6 14. Bb3
Ng6 15. h3 Be6 16. Ng5 Bxb3 17. axb3 f6 18. Nf3 b5 19. d4 exd4 20. exd4 Rbe8
21. Qe1 d5 22. e5 Re7 23. Qe3 Qe8 24. Rd1 c5 25. Re2 cxd4 26. Qxd4 Re6 27. c3
Rf7 28. Qe3 Rfe7 29. Kf2 fxe5 30. Ng5 d4 31. cxd4 exd4 32. Qxe6+ Rxe6 33. Rxe6
1/2-1/2

[Event "DVM U10 2013"]
[Site "Magdeburg GER"]
[Date "2013.12.28"]
[Round "3"]
[White "Bui, Bao Anh Le"]
[Black "Siegl, Justus"]
[Result "1-0"]
[Termination "normal"]
[Board "13.1"]
[WhiteElo "1522"]
[BlackElo "888"]
[WhiteTeam "Treptower SV 1949 e.V."]
[BlackTeam "SV Breitenworbis"]
[WhiteFideId "12970719"]
[EventCountry "GER"]
[EventRounds "6"]
[EventType "team-swiss"]
[EventDate "2013.12.27"]

1. e4 e5 2. Nf3 Nc6 3. Bc4 Bc5 4. c3 Nf6 5. d3 h6 6. Bb3 d6 7. Nbd2 Bg4 8. h3
Bh5 9. Nf1 O-O 10. g4 Bg6 11. Ng3 Re8 12. Rg1 Ne7 13. g5 Nh7 14. gxh6 gxh6 15.
Bxh6 Qd7 16. h4 Nf6 17. h5 Bh7 18. Nf5+ Kh8 19. Bg7+ Kg8 20. Bxf6+ Kf8 21. Qd2
Ng8 22. Bg7# 1-0

[Event "DVM U10 2013"]
[Site "Magdeburg GER"]
[Date "2013.12.28"]
[Round "3"]
[White "Dittrich, Julius"]
[Black "Rusack, Noah"]
[Result "1-0"]
[Termination "normal"]
[Board "13.2"]
[WhiteElo "905"]
[BlackElo "894"]
[WhiteTeam "SV Breitenworbis"]
[BlackTeam "Treptower SV 1949 e.V."]
[WhiteFideId "12995398"]
[BlackFideId "12970700"]
[EventCountry "GER"]
[EventRounds "6"]
[EventType "team-swiss"]
[EventDate "2013.12.27"]

1. e4 c5 2. Nc3 Nc6 3. g3 g6 4. Bg2 Bg7 5. d3 Nf6 6. Be3 b6 7. h3 O-O 8. Qd2
Re8 9. Nge2 e6 10. e5 Nd5 11. Bg5 Qc7 12. Nxd5 exd5 13. Bxd5 Qxe5 14. Bxc6 dxc6
15. Bf4 Qe6 16. b3 h6 17. Be3 Qd5 18. O-O-O Qe5 19. c3 b5 20. Rde1 b4 21. Kc2
Qxc3+ 22. Nxc3 Bxc3 23. Qd1 Bxe1 24. Rxe1 Bxh3 25. Rh1 Be6 {nicht mehr
nachvollziehbar} 1-0

[Event "DVM U10 2013"]
[Site "Magdeburg GER"]
[Date "2013.12.28"]
[Round "3"]
[White "Fidlin, Simon"]
[Black "Tünte, Lukas"]
[Result "1-0"]
[Termination "normal"]
[Board "14.1"]
[WhiteElo "1151"]
[BlackElo "946"]
[WhiteTeam "Karlsruher SF 1853"]
[BlackTeam "SG Turm Raesfeld/Erle 1"]
[WhiteFideId "16217535"]
[EventCountry "GER"]
[EventRounds "6"]
[EventType "team-swiss"]
[EventDate "2013.12.27"]

1. e4 e5 2. Nf3 Nc6 3. Nc3 Nf6 4. Bc4 Bc5 5. d3 h6 6. Be3 Bb6 7. Qd2 Qe7 8.
O-O-O d6 9. h3 Bd7 10. Nd5 Nxd5 11. Bxd5 O-O-O 12. Qc3 Ba5 13. Qa3 Bb6 14. Bxb6
cxb6 15. Bxc6 bxc6 16. Qxa7 c5 17. Qxb6 Ba4 18. Qa6+ Kb8 19. Qxa4 Qb7 20. Qb3
f6 21. Nd2 Rd7 22. Nc4 Kc8 23. Qxb7+ Kxb7 24. Ne3 g5 25. Nd5 Rf8 26. g4 Rg7 27.
f3 Kc6 28. h4 Kd7 29. Rdf1 Ke6 30. hxg5 hxg5 31. Kd2 Rb7 32. b3 Ra8 33. a4 Rd8
34. Kc3 Rf7 35. Kd2 Rg8 36. c3 Rc8 37. Rc1 Rb7 38. b4 cxb4 39. cxb4 Rxc1 40.
Rxc1 Ra7 41. a5 Ra6 42. Nc7+ Kd7 43. Nxa6 Ke7 44. b5 Kd7 45. b6 Ke6 46. b7 Kf7
47. b8=Q Ke7 48. Rc7+ Ke6 49. Qe8# 1-0

[Event "DVM U10 2013"]
[Site "Magdeburg GER"]
[Date "2013.12.28"]
[Round "3"]
[White "Lewerenz, Lars"]
[Black "Fidlin, Maximilian"]
[Result "1-0"]
[Termination "normal"]
[Board "14.2"]
[WhiteElo "600"]
[BlackElo "918"]
[WhiteTeam "SG Turm Raesfeld/Erle 1"]
[BlackTeam "Karlsruher SF 1853"]
[EventCountry "GER"]
[EventRounds "6"]
[EventType "team-swiss"]
[EventDate "2013.12.27"]

1. e4 e6 2. d4 d5 3. exd5 exd5 4. Nf3 Nf6 5. c4 c6 6. Nc3 Bg4 7. cxd5 cxd5 8.
Be2 Bb4 9. O-O O-O 10. h3 Bh5 11. Qb3 Nc6 12. Be3 Ne4 13. Nxd5 Bd6 14. Nf4 Bxf3
15. Bxf3 Re8 16. Qxb7 Rc8 17. Nd5 h6 18. Bg4 Rb8 19. Qxc6 Rxb2 20. Bf3 Nd2 21.
Bxd2 Rxd2 22. Qc3 Qg5 23. Rfd1 Rxd1+ 24. Rxd1 Qe7 25. Nxe7+ 1-0

[Event "DVM U10 2013"]
[Site "Magdeburg GER"]
[Date "2013.12.28"]
[Round "3"]
[White "Holubek, Oliver"]
[Black "Mühl, Felix"]
[Result "0-1"]
[Termination "normal"]
[Board "14.3"]
[WhiteElo "820"]
[BlackElo "811"]
[WhiteTeam "Karlsruher SF 1853"]
[BlackTeam "SG Turm Raesfeld/Erle 1"]
[EventCountry "GER"]
[EventRounds "6"]
[EventType "team-swiss"]
[EventDate "2013.12.27"]

1. e4 e6 2. d4 d5 3. e5 c5 4. c3 Nc6 5. Nf3 Qb6 6. Be2 Bd7 7. O-O f6 8. b3 Nge7
9. Bf4 Ng6 10. Be3 fxe5 11. Nxe5 Ncxe5 12. dxe5 Nxe5 13. b4 Be7 14. Nd2 O-O 15.
Nb3 Ba4 16. bxc5 Bxc5 17. Bxc5 Qxc5 18. Nxc5 Bxd1 19. Raxd1 Rfe8 20. Nxb7 Rab8
21. Nd6 Red8 22. Nb5 a6 23. Nd4 Rd6 24. Rc1 Rb2 25. Rc2 Rxc2 26. Nxc2 Rb6 27.
Re1 Rb2 28. Bxa6 Rxc2 29. Rxe5 Rxa2 30. Bd3 Ra3 31. Rxe6 Rxc3 32. Re3 Rc1+ 33.
Bf1 Rd1 34. g3 Kf7 35. Kg2 Kf6 36. Rd3 Rxd3 37. Bxd3 Ke5 38. Bxh7 d4 39. Kf1
Kd5 40. Bd3 Kc5 41. Ke1 Kb4 42. Kd2 Kc5 43. f4 Kd5 44. Ke2 Ke6 45. Kf3 Kd5 46.
h4 Kc5 47. Ke4 g6 48. h5 gxh5 49. f5 Kd6 50. Kxd4 Ke7 51. Ke5 Kf7 52. f6 Kf8
53. Be2 Kf7 54. Bxh5+ Kf8 55. Ke6 Kg8 56. Ke7 Kh7 57. f7 Kh6 58. Bd1 Kh7 59.
f8=Q Kg6 60. Qf6+ Kh7 61. g4 Kg8 62. g5 Kh7 63. g6+ Kg8 64. Bb3# 0-1

[Event "DVM U10 2013"]
[Site "Magdeburg GER"]
[Date "2013.12.28"]
[Round "3"]
[White "Hegemann, Erik"]
[Black "Schulz, Hannah"]
[Result "1-0"]
[Termination "normal"]
[Board "14.4"]
[WhiteElo "896"]
[BlackElo "787"]
[WhiteTeam "SG Turm Raesfeld/Erle 1"]
[BlackTeam "Karlsruher SF 1853"]
[WhiteFideId "16234618"]
[BlackFideId "16244745"]
[EventCountry "GER"]
[EventRounds "6"]
[EventType "team-swiss"]
[EventDate "2013.12.27"]

1. e4 Nf6 2. Nc3 Nc6 3. Bc4 e5 4. d3 Bb4 5. Bd2 d6 6. h3 h6 7. Nf3 O-O 8. O-O
Bd7 9. a3 Bxc3 10. Bxc3 Na5 11. Bxa5 Qe7 12. Bxc7 Bc8 13. Ba5 b6 14. Bd2 Be6
15. Bb5 Bd7 16. Bc4 Be6 17. Qc1 Bxc4 18. dxc4 Rac8 19. b3 Nxe4 20. Bxh6 gxh6
21. Qxh6 Rce8 22. Rfe1 1-0